| 000 | 00411cam a2200157ua 4500 | ||
|---|---|---|---|
| 020 | _a0-408-12653-6 | ||
| 041 |
_aeng _h |
||
| 082 |
_a620.85 _bKVA/ER |
||
| 100 | _aKvalseth, Tarold O . | ||
| 245 |
_aErgonomics of workshop design / _cTarold O Kvalseth. _hTextual Documents |
||
| 260 |
_aLondon : _bButterworth Scientific , _c1983. |
||
| 300 | _a258 ; . | ||
| 504 | _a | ||
| 942 | _cBK | ||
| 999 |
_c10389 _d10389 |
||